Liderazgo político / (Registro nro. 5245)
[ vista simple ]
| 000 -LEADER | |
|---|---|
| fixed length control field | 01564nam a2200313Ia 4500 |
| 003 - CONTROL NUMBER IDENTIFIER | |
| control field | OSt |
| 005 - DATE AND TIME OF LATEST TRANSACTION | |
| control field | 20200726190419.0 |
| 008 - FIXED-LENGTH DATA ELEMENTS--GENERAL INFORMATION | |
| fixed length control field | 191128t2013 mx fr 000 0 spa d |
| 020 ## - INTERNATIONAL STANDARD BOOK NUMBER | |
| International Standard Book Number | 9786070305191 |
| 040 ## - CATALOGING SOURCE | |
| Original cataloging agency | CO-JMCR |
| Transcribing agency | CO-JMCR |
| 041 1# - LANGUAGE CODE | |
| Language code of text/sound track or separate title | spa |
| Language code of original | eng |
| 082 04 - DEWEY DECIMAL CLASSIFICATION NUMBER | |
| Classification number | 339.22 / |
| Item number | M686l |
| Edition number | 23 |
| 100 1# - MAIN ENTRY--PERSONAL NAME | |
| Personal name | Méndez, José Luis, |
| Relator term | compilador |
| 9 (RLIN) | 7854 |
| 245 10 - TITLE STATEMENT | |
| Title | Liderazgo político / |
| Statement of responsibility, etc. | José Luis Méndez compilador ; traducción Ingrid Ebergenyi Salinas |
| 250 ## - EDITION STATEMENT | |
| Edition statement | Primera edición |
| 260 ## - PUBLICATION, DISTRIBUTION, ETC. | |
| Place of publication, distribution, etc. | México : |
| Name of publisher, distributor, etc. | Siglo veintiuno : Escuela de Administración Pública del Distrito Federal, |
| Date of publication, distribution, etc. | ©2013 |
| 300 ## - PHYSICAL DESCRIPTION | |
| Extent | 177 páginas ; |
| Dimensions | 20 cm. |
| 490 0# - SERIES STATEMENT | |
| Series statement | Biblioteca básica de administración pública ; |
| Volume/sequential designation | 15 |
| 505 0# - FORMATTED CONTENTS NOTE | |
| Formatted contents note | El liderazgo político como acción estratégica -- El poder de persuadir -- Las políticas de liderazgo a finales del siglo XX -- Dos modelos normativos de liderazgo presidencial -- El poder como persuación -- Revaluación del liderazgo |
| 520 3# - SUMMARY, ETC. | |
| Summary, etc. | Este libro reúne varios textos fundamentales en el estudio del liderazgo político. En primer lugar, un estudio introductorio de su compilador, el cual a partir de los textos que aquí se presentan. |
| 534 ## - ORIGINAL VERSION NOTE | |
| Introductory phrase | The strategic president, persuasion y opportunity in presidential leadership |
| 546 ## - LANGUAGE NOTE | |
| Language note | Traducido del inglés |
| 650 14 - SUBJECT ADDED ENTRY--TOPICAL TERM | |
| Topical term or geographic name entry element | Liderazgo político |
| 9 (RLIN) | 7855 |
| 650 14 - SUBJECT ADDED ENTRY--TOPICAL TERM | |
| Topical term or geographic name entry element | Persuasión (Psicología) |
| 9 (RLIN) | 7856 |
| 650 14 - SUBJECT ADDED ENTRY--TOPICAL TERM | |
| Topical term or geographic name entry element | Ciencia política |
| 9 (RLIN) | 7857 |
| 650 14 - SUBJECT ADDED ENTRY--TOPICAL TERM | |
| Topical term or geographic name entry element | Política como profesión |
| 9 (RLIN) | 7858 |
| 700 1# - ADDED ENTRY--PERSONAL NAME | |
| Personal name | Ebergenyi Salinas, Ingrid, |
| Relator term | traductora |
| 9 (RLIN) | 7859 |
| 942 ## - ADDED ENTRY ELEMENTS (KOHA) | |
| Source of classification or shelving scheme | Dewey Decimal Classification |
| Koha item type | Books |
| Withdrawn status | Lost status | Source of classification or shelving scheme | Damaged status | Not for loan | Collection code | Home library | Current library | Date acquired | Source of acquisition | Total Checkouts | Full call number | Barcode | Date last seen | Date last checked out | Copy number | Koha item type |
|---|---|---|---|---|---|---|---|---|---|---|---|---|---|---|---|---|
| Dewey Decimal Classification | Non-fiction | Biblioteca Pública José María del Castillo y Rada | Biblioteca Pública José María del Castillo y Rada | 04/15/2018 | Donación | 1 | 339.22 / M686l | 430001565 | 07/22/2025 | 07/21/2025 | Ej.1 | Books |